000 00530nam a2200193Ia 4500
005 20250326123553.0
008 250326s9999 xx 000 0 und d
037 _aTextbook
040 _aFMSL
_beng
_cFMSL
041 _aeng
_2eng
084 _aB28obX K4
_qFMSL
100 _aStockton J R
_9735507
245 0 _aBusiness & economic statistics
_cStockton J R; Clark C T
250 _a4
260 _aNew Delhi
_bNew Delhi, Russi
_c1971
300 _a872p
942 _cTB
_hB28obX K4
999 _c1269973
_d1269973